History Quiz

Random History or War Quiz

American War by Image Quiz Stats

 Plays Quiz Updated Dec 1, 2014

Challenge
Share
Tweet
Score 0/15 Timer 06:00
0 Plays Today
% Correct
World War II
97.4%
Vietnam War
95.4%
American Revolution
90.6%
World War I
86.5%
Korean War
83.9%
Civil War
76%
Persian Gulf War
75.5%
War of 1812
70.5%
% Correct
Spanish-American War
68.6%
War in Afghanistan
67.4%
Iraq War
66.7%
Mexican-American War
60.6%
Invasion of Panama
42%
Invasion of Grenada
20.9%
Boxer Rebellion
16.2%

You're not logged in!

Compare scores with friends on all Sporcle quizzes.
OR
Log In

You Might Also Like...

Show Comments

Extras

Top Quizzes Today


Score Distribution

Your Account Isn't Verified!

In order to create a playlist on Sporcle, you need to verify the email address you used during registration. Go to your Sporcle Settings to finish the process.

Report this User

Report this user for behavior that violates our Community Guidelines.

Details: